Missing Word: Hemsworth Brothers Quiz Stats

 Plays Quiz Updated Sep 27, 2017

Challenge
Share
Tweet
Embed
Score 0/14 Timer 02:00
0 Plays Today
Brother Missing Word % Correct
Liam HemsworthHunger
95.4%
Chris HemsworthHuntsman
83.3%
Chris HemsworthTrek
78.4%
Chris HemsworthUltron
75.4%
Chris HemsworthThor
69.8%
Liam HemsworthIndependence
68.7%
Chris HemsworthRed
68.1%
Brother Missing Word % Correct
Chris HemsworthCabin
64.8%
Chris HemsworthHeart
33.6%
Liam HemsworthLove
18.6%
Liam HemsworthState
18.6%
Liam HemsworthSong
16.5%
Liam HemsworthExpendables
9.2%
Liam HemsworthCut
6%

Today's Daily Dose

You're not logged in!

Compare scores with friends on all Sporcle quizzes.
OR
Log In

You Might Also Like...

Show Comments

Extras

Top Quizzes Today


Score Distribution

Your Account Isn't Verified!

In order to create a playlist on Sporcle, you need to verify the email address you used during registration. Go to your Sporcle Settings to finish the process.

Report this User

Report this user for behavior that violates our Community Guidelines.

Details: